Associez les lauréats français du Prix Nobel à leur discipline - Statistiques

Statistiques générales
  • Ce quiz a été pris 15 fois
  • Le résultat moyen est 22 sur 72
Statistiques - réponses
Hint Explanation Réponse % Correct
Frédéric Joliot-Curie A reçu (conjointement à sa femme Irène Joliot-Curie) le Prix Nobel de Chimie en 1935 pour sa découverte fondamentale de la radioactivité artificielle. Chimie
58%
André Frédéric Cournand A reçu le Prix Nobel de Physiologie / Médecine en 1956 pour ses travaux sur le cathétérisme cardiaque. Physiologie / Médecine
58%
François Jacob A reçu (conjointement à A. Lwoff et J. Monod) le Prix Nobel de Physiologie / Médecine en 1965 pour sa découverte concernant le contrôle génétique de la synthèse des enzymes et des virus. Physiologie / Médecine
58%
Jacques Monod A reçu (conjointement à F. Jacob et A. Lwoff) le Prix Nobel de Physiologie / Médecine en 1965 pour sa découverte concernant le contrôle génétique de la synthèse des enzymes et des virus. Physiologie / Médecine
58%
François Mauriac A reçu le Prix Nobel de Littérature en 1952 pour "la profonde imprégnation spirituelle et l'intensité artistique avec laquelle ses romans ont pénétré le drame de la vie humaine". Littérature
50%
Jean-Paul Sartre A reçu le Prix Nobel de Littérature en 1964 pour "son œuvre d'imagination qui, en raison de son esprit de liberté et de poursuite de la vérité, a exercé une influence de haute portée sur notre époque". Il a néanmoins refusé ce Prix (pour des raisons "personnelles" et "philosophiques"). Littérature
50%
Jean-Marie Gustave Le Clézio A reçu le Prix Nobel de Littérature en 2008 pour récompenser cet "écrivain de la rupture, de l'aventure poétique et de l'extase sensuelle, l'explorateur d'une humanité au-delà de la civilisation régnante". Littérature
50%
Alphonse Laveran A reçu le Prix Nobel de Physiologie / Médecine en 1907 pour ses travaux sur le rôle des protozoaires comme agents de maladies. Physiologie / Médecine
50%
Alexis Carrel A reçu le Prix Nobel de Physiologie / Médecine en 1912 pour ses travaux sur la suture vasculaire et la transplantation de cellules sanguines et d'organes. Physiologie / Médecine
50%
André Lwoff A reçu (conjointement à F. Jacob et J. Monod) le Prix Nobel de Physiologie / Médecine en 1965 pour sa découverte concernant le contrôle génétique de la synthèse des enzymes et des virus. Physiologie / Médecine
50%
Françoise Barré-Sinoussi A reçu (conjointement à L. Montagnier) le Prix Nobel de Physiologie / Médecine en 2008 pour sa découverte du VIH (le rétrovirus responsable du SIDA). Physiologie / Médecine
50%
Luc Montagnier A reçu (conjointement à F. Barré-Sinoussi) le Prix Nobel de Physiologie / Médecine en 2008 pour sa découverte du VIH (le rétrovirus responsable du SIDA). Physiologie / Médecine
50%
Esther Duflo A reçu le Prix Nobel d'Économie en 2019 pour ses travaux menés sur la lutte contre la pauvreté et les inégalités dans le monde. Économie
42%
Anatole France A reçu le Prix Nobel de Littérature en 1921 pour "sa brillante carrière d'écrivain, la pureté artistique de son style, sa généreuse humanité, ainsi qu'au charme de son esprit français". Littérature
42%
Albert Camus A reçu le Prix Nobel de Littérature en 1957 pour "son importante œuvre littéraire qui met en lumière, avec un sérieux pénétrant, les problèmes qui se posent de nos jours à la conscience des hommes". Littérature
42%
Claude Simon A reçu le Prix Nobel de Littérature en 1985 pour "ses romans, qui combinent la créativité du poète et du peintre avec une conscience profonde du temps dans la représentation de la condition humaine". Littérature
42%
Patrick Modiano A reçu le Prix Nobel de Littérature en 2014 pour "l'art de la mémoire avec lequel il a évoqué les destinées humaines les plus insaisissables et dévoilé le monde de l'Occupation". Littérature
42%
Charles Richet A reçu le Prix Nobel de Physiologie / Médecine en 1913 pour sa découverte de l'anaphylaxie. Physiologie / Médecine
42%
Charles Nicolle A reçu le Prix Nobel de Physiologie / Médecine en 1928 pour ses travaux sur le typhus. Physiologie / Médecine
42%
Jean Dausset A reçu le Prix Nobel de Physiologie / Médecine en 1980 pour sa découverte du système HLA (qui permet de déterminer la compatibilité entre un donneur et un receveur lors d'une greffe d'organe). Physiologie / Médecine
42%
Jules Hoffmann A reçu le Prix Nobel de Physiologie / Médecine en 2011 pour ses travaux sur les mécanismes génétiques et moléculaires responsables de l'immunité innée chez les insectes. Physiologie / Médecine
42%
Irène Joliot-Curie A reçu (conjointement à son mari Frédéric Joliot-Curie) le Prix Nobel de Chimie en 1935 pour sa découverte fondamentale de la radioactivité artificielle. Chimie
33%
Gérard Debreu A reçu le Prix Nobel d'Économie en 1983 pour ses travaux sur l'équilibre général. Économie
33%
Philippe Aghion A reçu le Prix Nobel d'Économie en 2025 pour ses travaux sur l'impact des nouvelles technologies sur la croissance économique. Économie
33%
Roger Martin du Gard A reçu le Prix Nobel de Littérature en 1937 pour sa suite romanesque "Les Thibault" (composée de huit tomes, dont "L'Été 1914" qu'il a publié juste avant de se voir attribuer le Prix Nobel). Littérature
33%
André Gide A reçu le Prix Nobel de Littérature en 1947 pour "l'importance et la valeur artistique d'une œuvre dans laquelle il a exposé les problèmes de la vie humaine avec un intrépide amour de la vérité". Littérature
33%
Annie Ernaux A reçu le Prix Nobel de Littérature en 2022 pour "le courage et l’acuité clinique avec laquelle elle met à découvert les racines, les éloignements et les contraintes collectives de la mémoire personnelle". Littérature
33%
Frédéric Passy A reçu le Prix Nobel de la Paix en 1901 en reconnaissance de son engagement indéfectible pour la paix mondiale. Paix
33%
René Cassin A reçu le Prix Nobel de la Paix en 1968 pour son travail en faveur des droits de l'Homme. Paix
33%
Roger Guillemin A reçu le Prix Nobel de Physiologie / Médecine en 1977 pour ses découvertes fondamentales du rôle du cerveau dans la régulation des hormones. Physiologie / Médecine
33%
Henri Becquerel A reçu le Prix Nobel de Physique en 1903 pour sa découverte de la radioactivité spontanée. Physique
33%
Marie Curie (Prix Nobel de 1903) A reçu (conjointement à son mari Pierre Curie) le Prix Nobel de Physique en 1903 pour ses recherches sur les phénomènes de radiations découverts par Henri Becquerel. Physique
33%
Pierre Curie A reçu (conjointement à sa femme Marie Curie) le Prix Nobel de Physique en 1903 pour ses recherches sur les phénomènes de radiations découverts par Henri Becquerel. Physique
33%
Marie Curie (Prix Nobel de 1911) A reçu le Prix Nobel de Chimie en 1911 pour ses travaux sur le polonium et le radium. Chimie
25%
Victor Grignard A reçu (conjointement à P. Sabatier) le Prix Nobel de Chimie en 1912 pour ses travaux sur la synthèse des organomagnésiens mixtes (dits "réactifs de Grignard"). Chimie
25%
Jean-Marie Lehn A reçu le Prix Nobel de Chimie en 1987 pour ses travaux sur les bases chimiques de la reconnaissance moléculaire. Chimie
25%
Emmanuelle Charpentier A reçu le Prix Nobel de Chimie en 2020 pour sa découverte des ciseaux génétiques CRISPR-Cas9. Chimie
25%
Moungi Gabriel Bawendi A reçu le Prix Nobel de Chimie en 2023 pour ses travaux de recherche sur les points quantiques. Chimie
25%
Maurice Allais A reçu le Prix Nobel d'Économie en 1988 pour ses contributions à la théorie des marchés et à l'utilisation efficace des ressources. Économie
25%
Jean Tirole A reçu le Prix Nobel d'Économie en 2014 pour son analyse du pouvoir du marché et de sa régulation. Économie
25%
Sully Prudhomme A reçu le Prix Nobel de Littérature en 1901 pour "sa composition poétique, qui témoigne d'un idéalisme élevé, d'une perfection artistique et d'une rare combinaison des qualités du cœur et de l'intellect". Littérature
25%
Frédéric Mistral A reçu le Prix Nobel de Littérature en 1904 pour son poème "Mirèio", un poème provençal (en langue d'oc) en douze chants. Littérature
25%
Romain Rolland A reçu le Prix Nobel de Littérature en 1915 pour "l'idéalisme de sa production littéraire, la sympathie et l'amour de la vérité avec laquelle il a décrit les différents types d'êtres humains". Littérature
25%
Henri Bergson A reçu le Prix Nobel de Littérature en 1927 pour "ses idées riches et dynamiques, et pour la manière brillante avec laquelle elles ont été présentées". Littérature
25%
Gao Xingjian A reçu le Prix Nobel de Littérature en 2000 pour "une œuvre de portée universelle qui a ouvert des voies nouvelles à l'art du roman et du théâtre chinois". Littérature
25%
Louis Renault A reçu le Prix Nobel de la Paix en 1907 pour son travail et son rôle au sein de la Cour permanente d'arbitrage de La Haye. Paix
25%
Aristide Briand A reçu le Prix Nobel de la Paix en 1926 pour son action, en tant que Ministre des Affaires étrangères, en faveur d'une réconciliation entre la France et l'Allemagne. Paix
25%
Ferdinand Buisson A reçu le Prix Nobel de la Paix en 1927 pour récompenser ce serviteur de la laïcité et inlassable militant de la paix s'étant engagé en faveur d'une réconciliation franco-allemande. Paix
25%
Albert Schweitzer A reçu le Prix Nobel de la Paix en 1952 pour récompenser son œuvre humanitaire en Afrique. Paix
25%
Jean Perrin A reçu le Prix Nobel de Physique en 1926 pour ses travaux sur la discontinuité de la matière, et pour sa découverte de l'équilibre de sédimentation. Physique
25%
Georges Charpak A reçu le Prix Nobel de Physique en 1992 pour l'invention et le développement de détecteurs de particules, en particulier la chambre proportionnelle multifils. Physique
25%
Alain Aspect A reçu le Prix Nobel de Physique en 2022 pour ses travaux sur l'intrication quantique. Physique
25%
Anne L'Huillier A reçu (conjointement à P. Agostini) le Prix Nobel de Physique en 2023 pour ses travaux sur des lasers ultrarapides générant des impulsions lumineuses exceptionnellement courtes (≈ 10-18 s). Physique
25%
Henri Moissan A reçu le Prix Nobel de Chimie en 1906 pour ses travaux sur l'isolement du fluor et la mise au point du four électrique qui porte son nom. Chimie
17%
Paul Sabatier A reçu (conjointement à V. Grignard) le Prix Nobel de Chimie en 1912 pour ses travaux sur l'hydrogénation catalytique. Chimie
17%
Jean-Pierre Sauvage A reçu le Prix Nobel de Chimie en 2016 pour ses travaux sur le développement de systèmes moléculaires dynamiques. Chimie
17%
Saint-John Perse A reçu le Prix Nobel de Littérature en 1960 pour "l’envolée altière et la richesse imaginative de sa création poétique, qui donne un reflet visionnaire de l’heure présente". Littérature
17%
Paul Henri Balluet d'Estournelles de Constant A reçu le Prix Nobel de la Paix en 1909 en reconnaissance de son travail en faveur de l'arbitrage international. Paix
17%
Léon Bourgeois A reçu le Prix Nobel de la Paix en 1920 pour son engagement inlassable au service d’un ordre international fondé sur le droit, la justice et la coopération entre les peuples. Paix
17%
Léon Jouhaux A reçu le Prix Nobel de la Paix en 1951 pour "la longue lutte qu'il a menée pour soustraire le mouvement syndical international à l'influence communiste". Paix
17%
Gabriel Lippmann A reçu le Prix Nobel de Physique en 1908 pour sa méthode de reproduction des couleurs en photographie, basée sur le phénomène d'interférence. Physique
17%
Louis de Broglie A reçu le Prix Nobel de Physique en 1929 pour sa découverte de la nature ondulatoire des électrons. Physique
17%
Alfred Kastler A reçu le Prix Nobel de Physique en 1966 pour la découverte et le développement de méthodes optiques servant à étudier les résonances hertzienne dans les atomes. Physique
17%
Louis Néel A reçu le Prix Nobel de Physique en 1970 pour ses travaux de recherche sur l'antiferromagnétisme et le ferrimagnétisme. Physique
17%
Pierre-Gilles de Gennes A reçu le Prix Nobel de Physique en 1991 pour ses travaux sur les cristaux liquides et les polymères. Physique
17%
Claude Cohen-Tannoudji A reçu le Prix Nobel de Physique en 1997 pour ses travaux sur le refroidissement et le confinement d'atomes par laser. Physique
17%
Gérard Mourou A reçu le Prix Nobel de Physique en 2018 pour ses travaux sur la technique (dénommée CPA - "Chirped Pulse Amplification" -) d'amplification des lasers. Physique
17%
Pierre Agostini A reçu (conjointement à A. L'Huillier) le Prix Nobel de Physique en 2023 pour ses travaux sur des lasers ultrarapides générant des impulsions lumineuses exceptionnellement courtes (≈ 10-18 s). Physique
17%
Michel Devoret A reçu le Prix Nobel de Physique en 2025 pour la découverte de l’effet tunnel quantique macroscopique et de la quantification de l’énergie dans un circuit électrique. Physique
17%
Yves Chauvin A reçu le Prix Nobel de Chimie en 2005 pour ses travaux sur la métathèse des oléfines. Chimie
8%
Albert Fert A reçu le Prix Nobel de Physique en 2007 pour sa découverte de la magnétorésistance géante. Physique
8%
Serge Haroche A reçu le Prix Nobel de Physique en 2012 pour sa mise en œuvre de méthodes expérimentales innovantes permettant de manipuler et de mesurer des particules quantiques individuelles. Physique
8%
Aucun quiz correspondant
Distribution des résultats
% des personnes avec chaque résultat
Percentile par nombre de réponses
Votre historique - résultats
Vous n’avez pas pris ce quiz